000 00657nam a22001697a 4500
999 _c80877
_d80877
008 201130b ||||| |||| 00| 0 eng d
040 _bger
_cDE-2950
_erda
_aDE-2950
041 _ager
245 _aNeuer Pakt mit Jüdischer Gemeinde.
_bKooperation: Die Stadt hat die Vereinbarung erneuert. Das Land fördert die Sicherheitstechnik im Gemeindehaus.
653 _aFrankfurt (Oder)
653 _aJüdische Gemeinde
773 _dFrankfurt (Oder): Märkisches Verlags- und Druckhaus GmbH & Co KG
_g32. Jahrgang (2021) Nr. 71 vom 25.03.2021, S. 16
_tMärkische Oderzeitung
942 _cA